00965 2200217 4500001002100000005001500021035002000036008004100056020002400097041000800121082001200129084001800141100002300159245002500182260004400207300003300251500001900284520040000303650002000703990002400723INLIS00000000000589820221102024640 a0010-0520005898221102 | | eng  a0 - 674 - 23526 - 6 aeng a343.074 a343.074 POS e0 aPosner, Richard A.14aEconomics of Justice aUSA :bHardvars University Press,c1983 aXIII, 415 p ; 24 cm ;c24 cm aIndeks : Index aPosner uses economic analysis to probe justice and efficiency, primitive law, privacy, and the constitutional regulation of racial discrimination. The book is a testimony to the range of Posner's competence and interest. It is nicely written and accessible to anyone familiar with the particular legal issues he discusses, with the general problem of justice, or with tools of economic analysis. 4aHukum - Ekonomi a00311/MKRI-P/I-2005